000 00555nam a2200229Ia 4500
003 OSt
005 20221006151417.0
006 a|||||r|||| 00| 0
007 ta
008 221006b |||||||| |||| 00| 0 eng d
020 _c
_4.15
024 _a21,984
037 _cTextual
040 _aEASL
_cEASL
_beng
041 _2eng
_aeng
100 _aKAWASAKI Ichiro
_9659105
245 0 _aJapan unmasked
260 _aTokyo
_bCharles E. Tuttle
_c1970
300 _a231p.
_ccm.
942 _cTEXL
_2CC
999 _c1090070
_d1090070